| 000 | 00615nam a2200193 i 4500 | ||
|---|---|---|---|
| 001 | 142834 | ||
| 003 | ES-MaACL | ||
| 005 | 20250925063045.0 | ||
| 007 | t| | ||
| 008 | 071010s1972 sp ||||1| spa d | ||
| 100 | 1 |
_aVicens Vives, Jaime, _d1910-1960 _9114319 |
|
| 245 | 1 | 0 |
_aManual de historia económica de España / _cJaime Vicens Vives ; con la colaboración de Jorge Nadal Oller. |
| 250 | _a9ª ed. | ||
| 260 |
_aBarcelona : _bVicens Vives, _c[1972] |
||
| 300 |
_a782 p. : _bil. ; _c22 cm. |
||
| 700 | 1 |
_aNadal, Jordi. _984797 |
|
| 852 |
_aES-MaACL _jC-56276 _bR.89167 |
||
| 999 |
_c142834 _d142834 |
||